000 00540nam a2200193 a 4500
001 1771666227420
003 YourLibrary
005 20260221150218.0
008 260221s2005##################000#0#eng##
020 _a9781840648089
082 0 4 _a338.642095
_bHAR
100 1 _aHarvie, Charles,
_eauthor.
245 1 0 _aSustaining Growth and Performance in East Asia :
260 _bEdward Elgar Publishing,
_c2005.
300 _a406 pages
650 0 _aBusiness & Economics.
942 _cENGLISH
040 _aYourLibrary
_beng
_cYourLibrary
999 _c615284
_d615284